La andriana
-д хадгалсан:
| Үндсэн зохиолч: | |
|---|---|
| Формат: | Ном |
| Хэл сонгох: | испани |
| Хэвлэсэн: |
Madrid
Aguilar
1969
|
| Цуврал: | Biblioteca de Iniciación al Humanismo
|
| Нөхцлүүд: | |
| Шошгууд: |
Шошго нэмэх
Шошго байхгүй, Энэхүү баримтыг шошголох эхний хүн болох!
|
MARC
| LEADER | 00000nam a2200000 a 4500 | ||
|---|---|---|---|
| 001 | UCP9323 | ||
| 003 | CL-VaPUC | ||
| 008 | 000324e19690000SP |||||||||||||||||spa|d | ||
| 082 | 0 | 4 | |a 872 |b TER |2 21 |
| 100 | 0 | |a Terencio Afro, Publio |e author |9 439812 | |
| 245 | 1 | 3 | |a La andriana |
| 300 | |a 169 p | ||
| 942 | |c BK | ||
| 945 | |d 20000324 00:00:00 |a crobeson | ||
| 260 | |a Madrid |b Aguilar |c 1969 | ||
| 650 | 7 | |a COMEDIAS LATINAS |2 CL-VaPUC |9 265079 | |
| 650 | 7 | |a TEATRO LATINO |2 CL-VaPUC |9 265080 | |
| 583 | |a last modification |c 20120119 09:02:17 |k Rodrigo Vera | ||
| 490 | 0 | |a Biblioteca de Iniciación al Humanismo | |
| 999 | |c 286149 |d 286147 | ||
| 952 | |0 0 |1 0 |4 0 |6 872_000000000000000_TER_1969 |7 0 |8 A |9 331611 |a BIBHIS |b BIBHIS |d 2019-11-20 |i 1397486 |o 872 TER 1969 |p 1397486 |r 2025-01-20 |w 2019-11-20 |y BK |k HIS | ||